| 000 | 003400000a22001450004500 | ||
|---|---|---|---|
| 003 | MACL | ||
| 005 | 20151227142545.0 | ||
| 008 | 151227b xxu||||| |||| 00| 0 eng d | ||
| 040 |
_aMACL _cmacl |
||
| 041 | _aEnglish | ||
| 082 | _a020 | ||
| 245 | _aAuthor Catalogue | ||
| 650 |
_aLibrary & Information Science _916991 |
||
| 942 |
_cBK _k020 _2ddc |
||
| 999 |
_c36498 _d36498 |
||